| 000 | 01135nam a2200289 i 4500 | ||
|---|---|---|---|
| 001 | bg | ||
| 245 | 0 | 0 |
_aStan czystości rzek, jezior i Bałtyku : _bna podstawie wyników badań wykonywanych w ramach państwowego monitoringu środowiska w latach 1999-2000 / _caut. Anna Bożek [et al. ; w oprac. części III Monitoring Bałtyku wykorzystano materiały przygot. przez aut. Włodzimierz Krzymiński et al. ; Inspekcja Ochrony Środowiska]. |
| 260 |
_aWarszawa : _bIOŚ, _ccop. 2001. |
||
| 300 |
_a195 s. : _bil., mapy kolor. ; _c23 cm. |
||
| 490 | 1 | _aBiblioteka Monitoringu Środowiska | |
| 500 | _aStreszcz. ang. przy rozdz. | ||
| 504 | _aBibliogr. | ||
| 650 | 9 |
_aJeziora _xśrodowisko _zPolska |
|
| 650 | 9 |
_aRzeki _xśrodowisko _zPolska |
|
| 651 | 9 |
_aBałtyk _xśrodowisko |
|
| 700 | 1 | _aBOŻEK, Anna | |
| 700 | 1 | _aKRZYMIŃSKI, Włodzimierz | |
| 710 | 0 | _aInspekcja Ochrony Środowiska | |
| 830 | _aBiblioteka Monitoringu Środowiska | ||
| 020 | _a8372171467 | ||
| 040 | _cBPK | ||
| 041 | 0 |
_apl _ben |
|
| 080 | _a504.4.064.3(438) | ||
| 920 | _a83-7217-146-7 | ||
| 942 | _cKS | ||
| 008 | s pl f |000 0 pol | ||
| 999 |
_c41711 _d41711 |
||
| 856 |
_uhttp://koha.tu.koszalin.pl/cgi-bin/koha/opac-detail.pl?biblionumber=41711 _yKatalog online BPK |
||